Kumar & Clark's clinical medicine / (Record no. 16636)
[ view plain ]
| 000 -LEADER | |
|---|---|
| fixed length control field | 00622nam a22002292 4500 |
| 001 - CONTROL NUMBER | |
| control field | 0000020297 |
| 003 - CONTROL NUMBER IDENTIFIER | |
| control field | OSt |
| 005 - DATE AND TIME OF LATEST TRANSACTION | |
| control field | 20190218113605.0 |
| 008 - FIXED-LENGTH DATA ELEMENTS--GENERAL INFORMATION | |
| fixed length control field | 110909s xx 000 0 eng d |
| 020 ## - INTERNATIONAL STANDARD BOOK NUMBER | |
| International Standard Book Number | 0702065996 |
| 040 ## - CATALOGING SOURCE | |
| Original cataloging agency | KABU |
| Transcribing agency | KABU |
| 245 10 - TITLE STATEMENT | |
| Title | Kumar & Clark's clinical medicine / |
| Statement of responsibility, etc. | edited by Parveen Kumar, Michael Clark. |
| 250 ## - EDITION STATEMENT | |
| Edition statement | 9th ed. |
| 260 ## - PUBLICATION, DISTRIBUTION, ETC. (IMPRINT) | |
| Place of publication, distribution, etc. | London : |
| Name of publisher, distributor, etc. | Elsevier, |
| Date of publication, distribution, etc. | 2017 |
| 300 ## - PHYSICAL DESCRIPTION | |
| Extent | xiv,1437 p. |
| 650 #0 - SUBJECT ADDED ENTRY--TOPICAL TERM | |
| Topical term or geographic name as entry element | Clinical medicine. |
| 700 1# - ADDED ENTRY--PERSONAL NAME | |
| Personal name | Kumar, Parveen. |
| 700 1# - ADDED ENTRY--PERSONAL NAME | |
| Personal name | Clark, Michael. |
| 908 ## - PUT COMMAND PARAMETER (RLIN) | |
| Put command parameter | 110909 |
| 942 ## - ADDED ENTRY ELEMENTS (KOHA) | |
| Source of classification or shelving scheme | Library of Congress Classification |
| Koha item type | General Collection |
| Withdrawn status | Lost status | Source of classification or shelving scheme | Not for loan | Home library | Current library | Shelving location | Date acquired | Cost, normal purchase price | Total Checkouts | Full call number | Barcode | Date last seen | Date last checked out | Copy number | Price effective from | Koha item type | Total Renewals | Checked out |
|---|---|---|---|---|---|---|---|---|---|---|---|---|---|---|---|---|---|---|
| Library of Congress Classification | Kabarak, Main Campus | Kabarak, Main Campus | General Stacks | 02/02/2018 | 6190.00 | 8 | RC46 .K86 2017 c.1 | 027973 | 17/09/2021 | 01/09/2021 | c.1 | 02/02/2018 | General Collection | |||||
| Library of Congress Classification | Kabarak, Main Campus | Kabarak, Main Campus | General Stacks | 02/02/2018 | 6190.00 | 14 | RC46 .K86 2017 c.2 | 022511 | 09/11/2024 | 28/10/2024 | c.2 | 02/02/2018 | General Collection | 1 | ||||
| Library of Congress Classification | Kabarak, Main Campus | Kabarak, Main Campus | 02/02/2018 | 6190.00 | 21 | RC46 .K86 2017 c.3 | 027972 | 20/06/2026 | 20/06/2026 | c.3 | 02/02/2018 | General Collection | 4 | 07/07/2026 |